000 00990nam0a22002531 4500
001 rc\4051818
005 20260406201538.0
021 _aRU
_b[51-16602]
035 _a(NLR Aleph) 008106276
090 _a9275569
_c9275569
100 _a20130415d1951 |||y0rusy50 ca
101 0 _arus
102 _aRU
105 _ay z |||||
200 1 _aУстав Общества по распространению политических и научных знаний Литовской ССР
_e[Утв. 20/I 1948 г.
_eС доп. и изм. от 8/V 1950 г.]
210 _aВильнюс
_cБ. и.
_d1951
215 _a23 с.
_d10
606 _aОбщества по распространению политических и научных знаний
_jУставы
_2psbo
710 0 2 _a"Знание", о-во ЛитССР
_cВильнюс
_3RU\NLR\AUTH\889961275
_9418862
801 0 _aRU
_bNLR
_gpsbo
801 1 _aRU
_bELAR
_2rusmarc
852 _aNLR
_jПр90 Г-0/4
942 _cBOOK
980 _aNB